MANAGERS HANDBOOK OF CLIENT SERVER COMPU (Record no. 2047)

MARC details
000 -LEADER
fixed length control field 00341nam a2200133Ia 4500
008 - FIXED-LENGTH DATA ELEMENTS--GENERAL INFORMATION
fixed length control field 240624s9999 xx 000 0 und d
041 ## - LANGUAGE CODE
Language code of text/sound track or separate title eng
082 ## - DEWEY DECIMAL CLASSIFICATION NUMBER
Classification number 004.3 SIE
100 ## - MAIN ENTRY--PERSONAL NAME
Personal name SIEGEL JOEL
245 ## - TITLE STATEMENT
Title MANAGERS HANDBOOK OF CLIENT SERVER COMPU
260 ## - PUBLICATION, DISTRIBUTION, ETC.
Date of publication, distribution, etc. 2003
Place of publication, distribution, etc. Singapore
Name of publisher, distributor, etc. Thomson Asia
300 ## - PHYSICAL DESCRIPTION
Extent xvii, : 366 : cm. ; 22
365 ## - TRADE PRICE
Currency code RS
Holdings
Withdrawn status Lost status Damaged status Not for loan Home library Current library Shelving location Date acquired Source of acquisition Cost, normal purchase price Full call number Barcode Date last seen Copy number Price effective from Koha item type
        IMTN IMTN Rack 1-A 03/11/2005 AP 450.00 004.3 SIE 2047 06/24/2024 1 06/24/2024 Books
Designed & Maintained by: LRC IMT Nagpur Contact: lrc@imtnag.ac.in© 2024. All Rights Reserved.